000 00395cam a2200169ua 4500
001 6890
008 120713n1980 II |||gr||||Z||||||eng
040 _aMAIN
041 _aEnglish
082 _a330.15342 BHA
100 _aBHATNAGAR .
245 _aA HISTORY OF ECONOMIC THOUGHT
260 _aNEW DELHI
_bS.CHAND & COMPANY
_c1980
300 _a685.
653 _aEconomic Thought
942 _cBK
999 _c6875
_d6875